| 000 | 00498nam a2200193Ia 4500 | ||
|---|---|---|---|
| 008 | 170918s9999 xx 000 0 und d | ||
| 020 | _a9780545642040 | ||
| 050 | _bP983 2012 | ||
| 100 | _aPulver, Robin | ||
| 245 | 4 | _aThe case of the incapacitated capitals / | |
| 245 | _cRobin Pulver ; illustrated by Lynn Rowe Reed. | ||
| 260 | _aNew York : | ||
| 260 | _bScholastic, | ||
| 260 | _c2012 | ||
| 300 | _aunpaged : | ||
| 300 | _bcolored illustration ; | ||
| 300 | _c23cm. | ||
| 500 | _a480 | ||
| 999 |
_c341324 _d341324 |
||